Logo Biblioteca

Enigma para actores / (Registro nro. 26)

Detalles MARC
000 -LEADER
fixed length control field 01284nam a22002177a 4500
003 - CONTROL NUMBER IDENTIFIER
control field OSt
005 - DATE AND TIME OF LATEST TRANSACTION
control field 20230710093525.0
008 - FIXED-LENGTH DATA ELEMENTS--GENERAL INFORMATION
fixed length control field 230705s2015 spa||||| |||| 00| 1 spa d
020 ## - INTERNATIONAL STANDARD BOOK NUMBER
International Standard Book Number 9789500437158
040 ## - CATALOGING SOURCE
Language of cataloging spa
Transcribing agency besoc
100 1# - MAIN ENTRY--PERSONAL NAME
Personal name Quentin, Patrick
Relator term autor
245 10 - TITLE STATEMENT
Title Enigma para actores /
Statement of responsibility, etc. Patrick Quentin ; traducción de J. Kogan Albert
250 ## - EDITION STATEMENT
Edition statement 1a ed.
260 ## - PUBLICATION, DISTRIBUTION, ETC.
Place of publication, distribution, etc. Buenos Aires :
Name of publisher, distributor, etc. Emecé,
Date of publication, distribution, etc. 2015
300 ## - PHYSICAL DESCRIPTION
Extent 320 p.
490 ## - SERIES STATEMENT
Series statement El séptimo círculo / colección creada por Jorge Luis Borges y Adolfo Bioy Casares
520 ## - SUMMARY, ETC.
Summary, etc. Peter Duluth decide montar una obra de teatro en Brodway. A los avatares propios del mundo teatral se suman ciertas "anormalidades": espectros en los espejos y la muerte de dos actores durante los ensayos. Ninguno de los integrantes del elenco tiene una buena coartada. Queda a cargo del propio Duluth y del médico de la compañía la tarea de echar luz sobre estos misterios. "La sorpresa ante lo que vi me sobrecogió antes de que estuviera preparado para recibirla [...] Era algo inimaginablemente grotesco, concebido por la mente imbécil del teatro Dagonet. El féretro no estaba vacío [Nota del editor].
650 #4 - SUBJECT ADDED ENTRY--TOPICAL TERM
Topical term or geographic name entry element Literatura norteamericana
Form subdivision Novelas
Chronological subdivision Siglo XX
700 1# - ADDED ENTRY--PERSONAL NAME
Personal name Kogan, Albert
Relator term traductor
942 ## - ADDED ENTRY ELEMENTS (KOHA)
Source of classification or shelving scheme Universal Decimal Classification
Koha item type Obra General
Suppress in OPAC No
Existencias
Withdrawn status Lost status Source of classification or shelving scheme Damaged status Not for loan Collection Home library Current library Date acquired Total checkouts Full call number Barcode Date last seen Price effective from Koha item type
    Universal Decimal Classification     Colección General Biblioteca Escuela de Ciencias Sociales Biblioteca Escuela de Ciencias Sociales 10/07/2023   82-312.4(73) Q3 000668 10/07/2023 10/07/2023 Obra General
Biblioteca de la Escuela Preuniversitaria en Ciencias Sociales y Humanísticas.
Riobamba 250 bis.
CP 2000 - Rosario - Santa Fe
E-Mail: biblioteca@esociales.unr.edu.ar